Acceptances have decreased, whilst investment activity continues to soar as total returns outperform more traditional property assets (Record no. 114715)

MARC details
000 -LEADER
fixed length control field 00939cam a22002175a 4500
001 - CONTROL NUMBER
control field L157307
008 - FIXED-LENGTH DATA ELEMENTS--GENERAL INFORMATION
fixed length control field 121015s2012 xxk f 000 0 eng d
035 ## - SYSTEM CONTROL NUMBER
System control number (Sirsi) u157307
041 0# - LANGUAGE CODE
Language code of text/sound track or separate title eng
110 2# - MAIN ENTRY--CORPORATE NAME
Corporate name or jurisdiction name as entry element CBRE
245 00 - TITLE STATEMENT
Title Acceptances have decreased, whilst investment activity continues to soar as total returns outperform more traditional property assets
Medium [electronic resource]
260 ## - PUBLICATION, DISTRIBUTION, ETC.
Date of publication, distribution, etc. 2012
490 #0 - SERIES STATEMENT
Series statement CBRE UK Student Housing Market View
Volume/sequential designation 3 Qr 2012
520 ## - SUMMARY, ETC.
Summary, etc. Despite falling student numbers, UK student housing sector provides good returns for domestic and overseas investors and continues to outperform other property sectors.
590 ## - LOCAL NOTE (RLIN)
Local note KA
651 #4 - SUBJECT ADDED ENTRY--GEOGRAPHIC NAME
Geographic name United Kingdom
690 ## - LOCAL SUBJECT ADDED ENTRY--TOPICAL TERM (OCLC, RLIN)
Topical term or geographic name as entry element Investments
9 (RLIN) 6250
690 ## - LOCAL SUBJECT ADDED ENTRY--TOPICAL TERM (OCLC, RLIN)
Topical term or geographic name as entry element Residential property
9 (RLIN) 6266
856 40 - ELECTRONIC LOCATION AND ACCESS
Uniform Resource Identifier <a href="https://www.cbre.eu/portal/pls/portal/res_rep.show_report?report_id=2186">https://www.cbre.eu/portal/pls/portal/res_rep.show_report?report_id=2186</a>
Public note View the item free of charge from the www.cbre.eu website.
942 ## - ADDED ENTRY ELEMENTS (KOHA)
Suppress in OPAC 0
Holdings
Withdrawn status Lost status Source of classification or shelving scheme Damaged status Not for loan Home library Current library Shelving location Date acquired Total Checkouts Full call number Barcode Date last seen Copy number Price effective from Koha item type
    Dewey Decimal Classification     Virtual Virtual Online 15/10/2012   ONLINE PUBLICATION 157307-2001 06/08/2019 1 06/08/2019 Book